<?xml version="1.0" encoding="UTF-8"?>
<record
    xmlns:xsi="http://www.w3.org/2001/XMLSchema-instance"
    xsi:schemaLocation="http://www.loc.gov/MARC21/slim http://www.loc.gov/standards/marcxml/schema/MARC21slim.xsd"
    xmlns="http://www.loc.gov/MARC21/slim">

  <leader>00566nam  22001933  4500</leader>
  <controlfield tag="001">199446</controlfield>
  <datafield tag="010" ind1=" " ind2=" ">
    <subfield code="a">978-972-23-7295-4</subfield>
  </datafield>
  <datafield tag="021" ind1=" " ind2=" ">
    <subfield code="b">523733/24</subfield>
  </datafield>
  <datafield tag="090" ind1=" " ind2=" ">
    <subfield code="a">199446</subfield>
  </datafield>
  <datafield tag="100" ind1=" " ind2=" ">
    <subfield code="a">20251209d        u||y0pory50      ba</subfield>
  </datafield>
  <datafield tag="200" ind1=" " ind2=" ">
    <subfield code="a">E tr&#xEA;s ma&#xE7;&#xE3;s ca&#xED;ram do c&#xE9;u</subfield>
    <subfield code="f">Narin&#xE9; Abgarian</subfield>
    <subfield code="g">tradu&#xE7;&#xE3;o de Nina Guerra e Filipe Guerra</subfield>
  </datafield>
  <datafield tag="205" ind1=" " ind2=" ">
    <subfield code="a">1&#xAA;</subfield>
  </datafield>
  <datafield tag="210" ind1=" " ind2=" ">
    <subfield code="a">Lisboa</subfield>
    <subfield code="c">Editorial Presen&#xE7;a</subfield>
    <subfield code="d">2024</subfield>
  </datafield>
  <datafield tag="215" ind1=" " ind2=" ">
    <subfield code="a">246 p.</subfield>
    <subfield code="c">brochado</subfield>
    <subfield code="d">23 cm</subfield>
  </datafield>
  <datafield tag="606" ind1=" " ind2=" ">
    <subfield code="9">11</subfield>
    <subfield code="a">Literatura Russa</subfield>
  </datafield>
  <datafield tag="700" ind1=" " ind2=" ">
    <subfield code="9">15305</subfield>
    <subfield code="a">Abgarian</subfield>
    <subfield code="b">Narin&#xE9;</subfield>
  </datafield>
  <datafield tag="801" ind1=" " ind2=" ">
    <subfield code="a">PT</subfield>
    <subfield code="b">BMMN</subfield>
    <subfield code="g">RPC</subfield>
  </datafield>
  <datafield tag="830" ind1=" " ind2=" ">
    <subfield code="c">Fernando</subfield>
    <subfield code="f">Fernando</subfield>
  </datafield>
  <datafield tag="990" ind1=" " ind2=" ">
    <subfield code="c">LIVROS</subfield>
  </datafield>
  <datafield tag="995" ind1=" " ind2=" ">
    <subfield code="0">0</subfield>
    <subfield code="2">0</subfield>
    <subfield code="5">2025-12-09</subfield>
    <subfield code="9">28543</subfield>
    <subfield code="b">BMMN</subfield>
    <subfield code="c">BMMN</subfield>
    <subfield code="f">28297</subfield>
    <subfield code="k">821.161.1-3 ABG|LG</subfield>
    <subfield code="m">2026-03-11</subfield>
    <subfield code="n">2026-04-08</subfield>
    <subfield code="o">0</subfield>
    <subfield code="r">LIVROS</subfield>
    <subfield code="s">Compra</subfield>
  </datafield>
</record>
